000 00512nam a2200169Ia 4500
008 090201s9999 xx 000 0 und d
010 _aKPL-36080
040 _bमराठी
041 _aमराठी
082 _a24655
_b36080
100 _aवैजयंती काळे
245 _aमालक
_cवैजयंती काळे
260 _c2004
_bराजेंद्र पब्लिकेशन्स
300 _a175
_bमोठा
600 _aमालक
942 _cBOOK
999 _c223966
_d223966